Top 10 EU countries by % living in capital city 🇪🇺 - Statistics

General Stats
  • This quiz has been taken 160 times
  • The average score is 6 of 10
Answer Stats
Country Capital % of country % Correct
Luxembourg Luxembourg 28%
76%
Latvia Riga 49%
69%
Estonia Tallinn 44%
68%
Denmark Copenhagen 33%
67%
Greece Athens 36%
65%
Portugal Lisbon 29%
64%
Croatia Zagreb 30%
62%
Hungary Budapest 31%
62%
Malta Valetta 93%
61%
Cyprus Nicosia 37%
38%
No matching quizzes found
Score Distribution
Percent of People with Each Score
Percentile by Number Answered
Your Score History
You have not taken this quiz